Detalles MARC
| 000 -LIDER |
| fixed length control field |
01012nam a22003017a 4500 |
| 001 - NÚMERO DE CONTROL |
| Identificador de número de control |
000305 |
| 003 - IDENTIFICACDOR DE NÚMERO DE CONTROL |
| control field |
DO-SdBNP |
| 005 - DATE AND TIME OF LATEST TRANSACTION |
| control field |
20220711122638.0 |
| 007 - CAMPOS FIJOS DE DESCRIPCIÓN FÍSICA |
| fixed length control field |
000305 |
| 008 - ELEMENTOS DE LONGITUD FIJA |
| fixed length control field |
160623b 2007 ag xxu||||| |||| 00| 0 spa d |
| 020 ## - ISBN |
| International Standard Book Number |
9789500833516 |
| 040 ## - FUENTE DE CATALOGACIÓN |
| Agencia que crea de manera original el registro |
BPMSU |
| Idioma de catalogación |
spa |
| Agencia que realiza la transcripción |
BPMSU |
| 092 ## - LOCALLY ASSIGNED DEWEY DECIMAL CALL NUMBER |
| Número de clasificación |
863.3 |
| Número de ítem (Cutter) |
C419d 2007 |
| Número de edición |
22 |
| 100 1# - ASIENTO PRINCIPAL -- NOMBRE PERSONAL |
| Nombre personal |
Cervantes, Miguel de, |
| Fechas asociadas con el nombre |
1547-1616 |
| 245 10 - MENCIÓN DE TITULO |
| Título |
Don Quijote de la Mancha / |
| Mención de responsabilidad |
Miguel de Cervantes Saavedra ; versión compilada por, Clemente Cimorra ; ilustrador Aniano Lisa |
| 250 ## - MENCIÓN DE EDICION |
| Mención de edición |
18a ed. |
| 260 ## - PUBLICACIÓN, DISTRIBUCIÓN, ETC. (PIE DE IMPRENTA) |
| Lugar de publicación, distribución, etc |
Buenos Aires : |
| Nombre del editor, distribuidor, etc. |
Atlántida, |
| Fecha de publicación, distribución, etc |
2007. |
| 300 ## - DESCRIPCIÓN FÍSICA |
| Extensión |
202 p. : |
| Otros detalles físicos |
il. ; |
| Dimensiones |
20 cm. |
| 490 0# - MENCIÓN DE SERIES |
| Mención de serie |
Nueva biblioteca Billiken, |
| Volume/sequential designation |
30 |
| 590 ## - NOTA LOCAL |
| Enlace |
Inventariada, 2022/VM |
| 600 14 - ENCABEZAMIENTO DE MATERIA--NOMBRE PERSONAL |
| Nombre personal |
Cervantes Saavedra, Miguel de |
| Fechas asociadas con el nombre |
1547-1616 |
| Título de una obra |
Don Quijote de la Mancha |
| 650 #4 - ENCABEZAMIENTO DE MATERIA--TEMÁTICO |
| Término temático o nombre geográfico como elemento de entrada |
Literatura española |
| 650 #4 - ENCABEZAMIENTO DE MATERIA--TEMÁTICO |
| Término temático o nombre geográfico como elemento de entrada |
Novela española |
| 700 1# - ASIENTO SECUNDARIO -- NOMBRE PERSONAL |
| Nombre personal |
Cimora, Clemente, |
| Mención de responsabilidad |
compilador |
| 700 1# - ASIENTO SECUNDARIO -- NOMBRE PERSONAL |
| Nombre personal |
Lisa, Aniano, |
| Mención de responsabilidad |
ilustraciones |
| 910 ## - VALIDACIÓN |
| Validación |
LOPEREZ/ VMateo V. |
| 942 ## - ADDED ENTRY ELEMENTS (KOHA) |
| Source of classification or shelving scheme |
Dewey Decimal Classification |
| Koha item type |
Libros |